Basic Construction Materials (Record no. 31318)
[ view plain ]
| 000 -LEADER | |
|---|---|
| fixed length control field | 00332nam a22001457a 4500 |
| 003 - CONTROL NUMBER IDENTIFIER | |
| control field | OSt |
| 005 - DATE AND TIME OF LATEST TRANSACTION | |
| control field | 20220223103323.0 |
| 008 - FIXED-LENGTH DATA ELEMENTS--GENERAL INFORMATION | |
| fixed length control field | 220223b |||||||| |||| 00| 0 eng d |
| 020 ## - INTERNATIONAL STANDARD BOOK NUMBER | |
| International Standard Book Number | 0131433873 |
| 040 ## - CATALOGING SOURCE | |
| Transcribing agency | HU |
| 082 ## - DEWEY DECIMAL CLASSIFICATION NUMBER | |
| Edition number | 7th |
| Classification number | 692.5 |
| 100 ## - MAIN ENTRY--PERSONAL NAME | |
| Personal name | Marotta |
| 9 (RLIN) | 31253 |
| 245 ## - TITLE STATEMENT | |
| Title | Basic Construction Materials |
| 942 ## - ADDED ENTRY ELEMENTS (KOHA) | |
| Source of classification or shelving scheme | Dewey Decimal Classification |
| Koha item type | Books like text book referance book |
| Suppress in OPAC | No |
| Withdrawn status | Lost status | Source of classification or shelving scheme | Damaged status | Not for loan | Home library | Current library | Shelving location | Date acquired | Total Checkouts | Full call number | Barcode | Date last seen | Copy number | Price effective from | Koha item type |
|---|---|---|---|---|---|---|---|---|---|---|---|---|---|---|---|
| Dewey Decimal Classification | IoT Library | IoT Library | General Stacks | 02/23/2022 | 692.5/MAR/2005 | IOTL0015398 | 02/23/2022 | 1 | 02/23/2022 | Books like text book referance book | |||||
| Dewey Decimal Classification | IoT Library | IoT Library | General Stacks | 02/23/2022 | 692.5/MAR/2005 | IOTL0015399 | 02/23/2022 | 2 | 02/23/2022 | Books like text book referance book | |||||
| Dewey Decimal Classification | IoT Library | IoT Library | General Stacks | 02/23/2022 | 692.5/MAR/2005 | IOTL0015400 | 02/23/2022 | 3 | 02/23/2022 | Books like text book referance book | |||||
| Dewey Decimal Classification | IoT Library | IoT Library | General Stacks | 03/18/2022 | 692.5?MAR/2005 | IOTL0018090 | 03/18/2022 | 4 | 03/18/2022 | Books like text book referance book | |||||
| Dewey Decimal Classification | IoT Library | IoT Library | General Stacks | 03/18/2022 | 692.5?MAR/2005 | IOTL0018091 | 03/18/2022 | 5 | 03/18/2022 | Books like text book referance book | |||||
| Dewey Decimal Classification | IoT Library | IoT Library | General Stacks | 03/18/2022 | 692.5?MAR/2005 | IOTL0018092 | 03/18/2022 | 6 | 03/18/2022 | Books like text book referance book | |||||
| Dewey Decimal Classification | IoT Library | IoT Library | General Stacks | 03/18/2022 | 692.5?MAR/2005 | IOTL0018093 | 03/18/2022 | 7 | 03/18/2022 | Books like text book referance book |